15. konferencia generálnych riaditeľov a personálnych manažérov: personálny manažment a riadenie firmy 2009
Jubilejný, 15. ročník konferencie generálnych riaditeľov a personálnych manažérov. Združenie pre riadenie a rozvoj ľudských zdrojov. Slávnostné odovzdávanie Slovenskej ceny HR gold 2009.
Salvato in:
| Autore principale: | |
|---|---|
| Natura: | Capitolo di libro |
| Lingua: | slovacco |
| Soggetti: | |
| Tags: |
Nessun Tag, puoi essere il primo ad aggiungerne!!
|
MARC
| LEADER | 00000naa$a2200000$$$4500 | ||
|---|---|---|---|
| 001 | 0108517 | ||
| 005 | 20231116120608.5 | ||
| 041 | 0 | |a slo | |
| 044 | |a SK | ||
| 245 | 1 | 0 | |a 15. konferencia generálnych riaditeľov a personálnych manažérov: |b personálny manažment a riadenie firmy 2009 |c Svetlana La Garde |
| 520 | |a Jubilejný, 15. ročník konferencie generálnych riaditeľov a personálnych manažérov. Združenie pre riadenie a rozvoj ľudských zdrojov. Slávnostné odovzdávanie Slovenskej ceny HR gold 2009. | ||
| 610 | 2 | 0 | |a konferencie |
| 610 | 2 | 0 | |a združenia |
| 610 | 2 | 0 | |a riadenie ľudských zdrojov |
| 610 | 2 | 0 | |a manažment personálny |
| 610 | 2 | 0 | |a riaditelia |
| 610 | 2 | 0 | |a riadenie personálne |
| 100 | 1 | |a La Garde, Svetlana | |